000 00742nam a2200289Ia 4500
005 20260324120800.0
008 008 260324s9999 xx 000 0 eng d
020 _a9781315092270
037 _aEBOOK
040 _aCRL
040 _beng
040 _cCRL
041 _2eng
041 _aeng
084 _qCRL
100 _aMargaret Seares
_91159945
245 0 _aJohann Mattheson's Pièces de clavecin and Das neu-eröffnete Orchestre
245 0 _bMattheson's Universal Style in Theory and Practice
260 _bTaylor and Francis
260 _c2014
365 _a
365 _b230
856 _uhttp://www.taylorfrancis.com/books/9781315092270
942 _cEBOOK
999 _c1751650
_d1751650